[Event "Kieler Open 2017-A"]
[Site "Kiel"]
[Date "2017.07.29"]
[Round "1.1"]
[White "Hartwig, Frank"]
[Black "Fernandez, Daniel"]
[Result "1-0"]
[WhiteElo "1984"]
[BlackElo "2485"]
[Annotator "hjh"]
[PlyCount "91"]
[WhiteTeam "SC Schönberg"]
[BlackTeam "England"]

1. e4 e6 2. d4 d5 3. e5 b6 4. Bd3 Ba6 5. Bxa6 Nxa6 6. c3 Qd7 7. Ne2 c5 8. a3
Ne7 9. O-O c4 10. h3 Nb8 11. Nd2 Nbc6 12. b4 cxb3 13. Nxb3 h5 14. g3 Rb8 15. a4
Nc8 16. Ba3 Bxa3 17. Rxa3 Na5 18. Nd2 Ne7 19. Qb1 g6 20. Rc1 Rc8 21. Qd3 Nc4
22. Nxc4 Rxc4 23. a5 b5 24. a6 O-O 25. g4 h4 26. Qe3 Nc6 27. Qh6 Qe7 28. Raa1
Rb8 29. Kg2 b4 30. cxb4 Nxb4 31. Rxc4 dxc4 32. Nc3 Nd5 33. Ne4 Qf8 34. Qxh4 c3
35. Ra5 Qd8 36. Qxd8+ Rxd8 37. Rc5 g5 38. Nxg5 Nf4+ 39. Kf3 Rxd4 40. Rxc3 Ra4
41. Rc7 Ng6 42. Rxa7 Nxe5+ 43. Kg2 Ra2 44. Ne4 Nd3 45. Ra8+ Kg7 46. a7 1-0

[Event "Kieler Open 2017-A"]
[Site "Kiel"]
[Date "2017.07.29"]
[Round "1.2"]
[White "Krause, Benedict"]
[Black "Bernhardsson, Sten"]
[Result "1-0"]
[WhiteElo "2424"]
[BlackElo "1927"]
[Annotator "hjh"]
[PlyCount "53"]
[WhiteTeam "SK Norderstedt"]
[BlackTeam "Rodeby SK"]

1. e4 c5 2. Nf3 e6 3. g3 d5 4. exd5 exd5 5. d4 Nc6 6. Bg2 Nf6 7. O-O cxd4 8.
Nxd4 Be7 9. h3 O-O 10. Be3 Re8 11. Re1 Nxd4 12. Bxd4 Bf5 13. Nc3 Rc8 14. Bxa7
b6 15. Nxd5 Bc5 16. Rxe8+ Qxe8 17. Bxb6 Nxd5 18. Bxc5 Rxc5 19. Bxd5 Rxc2 20. a4
Qb8 21. Qf3 Qxb2 22. Re1 Rc1 23. Rxc1 Qxc1+ 24. Kh2 g6 25. a5 h5 26. a6 Qf1 27.
a7 1-0

[Event "Kieler Open 2017-A"]
[Site "Kiel"]
[Date "2017.07.29"]
[Round "1.3"]
[White "Terwitte, Heinrich"]
[Black "Lanka, Zigurds"]
[Result "0-1"]
[WhiteElo "1913"]
[BlackElo "2434"]
[Annotator "hjh"]
[PlyCount "68"]
[WhiteTeam "Kieler SG"]
[BlackTeam "SC Viernheim 1934 e.V."]

1. e4 c5 2. Nf3 a6 3. d4 cxd4 4. Nxd4 Nf6 5. Nc3 e5 6. Nde2 Bc5 7. f3 b5 8. Nd5
O-O 9. Be3 Bxe3 10. Nxe3 d6 11. Qd2 Be6 12. a4 Nc6 13. axb5 axb5 14. Rxa8 Qxa8
15. Nc1 b4 16. Bd3 Qa7 17. O-O d5 18. exd5 Nxd5 19. Re1 Nf4 20. Qf2 Rc8 21. Be4
g6 22. Nd3 Nxd3 23. Bxd3 Nd4 24. Nd1 Qa5 25. c3 Nc6 26. f4 Bb3 27. cxb4 Nxb4
28. Bb1 exf4 29. Nc3 Nd5 30. Nxd5 Bxd5 31. Rd1 Qb4 32. h3 Qb7 33. Qd2 Bc6 34.
Ba2 Qa7+ 0-1

[Event "Kieler Open 2017-A"]
[Site "Kiel"]
[Date "2017.07.29"]
[Round "1.4"]
[White "Kopylov, Michael"]
[Black "Kreutz, Jonas"]
[Result "1-0"]
[WhiteElo "2428"]
[BlackElo "1826"]
[Annotator "hjh"]
[PlyCount "31"]
[WhiteTeam "SK Norderstedt"]
[BlackTeam "Königsjäger Süd-West"]

1. d4 d5 2. c4 e6 3. Nf3 c6 4. Qc2 Nd7 5. g3 Ngf6 6. Bg2 Bd6 7. O-O Qe7 8. Nbd2
e5 9. cxd5 Nxd5 10. Nc4 exd4 11. Nxd6+ Qxd6 12. Nxd4 Qe5 13. Rd1 N7b6 14. Nxc6
bxc6 15. Qxc6+ Bd7 16. Rxd5 1-0

[Event "Kieler Open 2017-A"]
[Site "Kiel"]
[Date "2017.07.29"]
[Round "1.5"]
[White "Fuhrmann, Ake"]
[Black "Voloshin, Leonid"]
[Result "0-1"]
[WhiteElo "1783"]
[BlackElo "2382"]
[Annotator "hjh"]
[PlyCount "94"]
[WhiteTeam "Hamburger SK"]
[BlackTeam "SG Kaiserslautern"]

1. c4 c5 2. g3 Nc6 3. Bg2 g6 4. Nc3 Bg7 5. a3 Nf6 6. Rb1 a5 7. e4 d6 8. Nge2
O-O 9. O-O Ne8 10. d3 Nc7 11. f4 f5 12. Be3 Ne6 13. Kh1 Ned4 14. Nb5 Nxb5 15.
cxb5 Nd4 16. Bxd4 cxd4 17. Qb3+ Kh8 18. Qc4 Qb6 19. a4 Bd7 20. Rbc1 Rac8 21.
Qb3 e6 22. Rxc8 Rxc8 23. Rc1 Rxc1+ 24. Nxc1 fxe4 25. Bxe4 d5 26. Bf3 Qc5 27.
Ne2 Bf6 28. g4 g5 29. f5 exf5 30. Qxd5 Qxd5 31. Bxd5 b6 32. gxf5 Bxf5 33. Bc4
Be5 34. Kg2 Kg7 35. Ng1 g4 36. Ne2 Kf6 37. Ng3 Bxg3 38. hxg3 Ke5 39. Kf2 Kd6
40. Ke2 Be6 41. b3 Bd5 42. Kd2 Kc5 43. Ke2 h5 44. Ke1 Bxc4 45. dxc4 d3 46. Kd2
h4 47. Kxd3 h3 0-1

[Event "Kieler Open 2017-A"]
[Site "Kiel"]
[Date "2017.07.29"]
[Round "1.6"]
[White "Krause, Jonah"]
[Black "Karlisch, Moritz"]
[Result "1-0"]
[WhiteElo "2328"]
[BlackElo "1887"]
[Annotator "hjh"]
[PlyCount "63"]
[WhiteTeam "FC ST.Pauli"]
[BlackTeam "SK Doppelbauer Kiel"]

1. d4 d5 2. c4 c6 3. Nf3 Nf6 4. g3 e6 5. Nbd2 Nbd7 6. Bg2 Bd6 7. O-O O-O 8. Qc2
Qe7 9. e4 dxe4 10. Nxe4 Nxe4 11. Qxe4 Nf6 12. Qc2 c5 13. b3 Bd7 14. Re1 cxd4
15. Nxd4 Bc5 16. Bb2 Rab8 17. Rad1 Rfd8 18. h3 a6 19. a4 Bb4 20. Re3 h6 21. Nf5
Qc5 22. Nxh6+ Kf8 23. Be5 Bc6 24. Bxb8 Rxb8 25. Bxc6 Qxc6 26. Ng4 Nxg4 27. hxg4
Ke7 28. Qe4 Qc7 29. Red3 Bc5 30. Kg2 a5 31. g5 b6 32. g6 1-0

[Event "Kieler Open 2017-A"]
[Site "Kiel"]
[Date "2017.07.29"]
[Round "1.7"]
[White "Lippmann, Kai"]
[Black "Uksini, Bardhyl"]
[Result "0-1"]
[WhiteElo "1959"]
[BlackElo "2304"]
[Annotator "FS"]
[PlyCount "92"]
[WhiteTeam "SV Eutin"]
[BlackTeam "Hamburger SK"]

1. c4 g6 2. g3 Bg7 3. Bg2 c5 4. e3 Nf6 5. Nc3 O-O 6. Nge2 Na6 7. O-O Rb8 8. b3
d6 9. Bb2 b6 10. d4 Bb7 11. d5 Nc7 12. a4 a6 13. Qd2 Ba8 14. e4 b5 15. axb5
axb5 16. f4 bxc4 17. bxc4 Rb4 18. Ba3 Rb6 19. Rfb1 Nd7 20. Qd3 Na6 21. Rxb6
Nxb6 22. Rb1 Nb4 23. Bxb4 cxb4 24. Rxb4 Qc7 25. Rb1 Qc5+ 26. Kf1 Nxc4 27. Nd1
e6 28. dxe6 fxe6 29. Bh3 Bxe4 30. Bxe6+ Kh8 31. Qxc4 Bxb1 32. Qxc5 dxc5 33. Bc4
Rd8 34. Nf2 Rb8 35. Nd3 Bxd3 36. Bxd3 Rb4 37. Ke1 c4 38. Bc2 Rb2 39. Kd2 Rb8
40. f5 Rd8+ 41. Ke1 g5 42. g4 Be5 43. h3 c3 44. Be4 Kg7 45. Bc2 Kf6 46. Be4 Rd2
0-1

[Event "Kieler Open 2017-A"]
[Site "Kiel"]
[Date "2017.07.29"]
[Round "1.8"]
[White "Jahncke, Giso"]
[Black "Weißhorn, Lasse"]
[Result "1-0"]
[WhiteElo "2340"]
[BlackElo "1745"]
[Annotator "FS"]
[PlyCount "55"]
[WhiteTeam "Preetzer TSV"]
[BlackTeam "SV Eidelstedt"]

1. Nf3 Nf6 2. c4 c6 3. Nc3 d5 4. e3 e6 5. d4 Be7 6. Bd3 dxc4 7. Bxc4 b5 8. Bd3
Bb7 9. e4 Nbd7 10. e5 Nd5 11. Ne4 a6 12. O-O c5 13. Bg5 f6 14. exf6 N7xf6 15.
Nxc5 Bxc5 16. dxc5 O-O 17. Qe2 Qe7 18. Nd4 e5 19. Nf5 Qxc5 20. Qxe5 Rae8 21.
Qd6 Qa7 22. Qg3 Ne4 23. Bxe4 Rxe4 24. Be3 Rxf5 25. Bxa7 Nf4 26. Rae1 h6 27. f3
Re2 28. Qxf4 1-0

[Event "Kieler Open 2017-A"]
[Site "Kiel"]
[Date "2017.07.29"]
[Round "1.9"]
[White "Schmidt, Peter"]
[Black "Gaede, Derek"]
[Result "0-1"]
[WhiteElo "1949"]
[BlackElo "2340"]
[Annotator "FS"]
[PlyCount "54"]
[WhiteTeam "Kieler SG"]
[BlackTeam "Hamburger SK"]

1. e4 e6 2. d4 d5 3. Nc3 Nf6 4. Bg5 Be7 5. e5 Nfd7 6. Bxe7 Qxe7 7. f4 O-O 8.
Bd3 c5 9. Nf3 f6 10. dxc5 Nc6 11. O-O fxe5 12. Bxh7+ Kxh7 13. Ng5+ Kg8 14. Qd3
e4 15. Qh3 Nf6 16. Kh1 Qxc5 17. Rad1 Ne7 18. a3 Nf5 19. Rfe1 Nh6 20. b4 Qc7 21.
Nxe6 Qb6 22. f5 Bxe6 23. fxe6 Nhg4 24. Re2 Nf2+ 25. Rxf2 Qxf2 26. e7 Rf7 27.
Qe6 Re8 0-1

[Event "Kieler Open 2017-A"]
[Site "Kiel"]
[Date "2017.07.29"]
[Round "1.10"]
[White "Bente, Björn"]
[Black "Berenstein, Alexander"]
[Result "1-0"]
[WhiteElo "2310"]
[BlackElo "1997"]
[Annotator "FS"]
[PlyCount "119"]
[WhiteTeam "Hamburger SK"]
[BlackTeam "SV Rendsburg"]

1. Nf3 d5 2. c4 Nf6 3. cxd5 Nxd5 4. Nc3 e6 5. g3 Be7 6. Bg2 O-O 7. O-O c6 8. d4
Nxc3 9. bxc3 Nd7 10. Rb1 Nb6 11. Qb3 Qd5 12. Qc2 Qd8 13. c4 c5 14. Be3 Qc7 15.
Bf4 Bd6 16. Ng5 f5 17. dxc5 Qxc5 18. Bxd6 Qxd6 19. c5 Qc7 20. Rbc1 Nd5 21. Rfd1
Nf6 22. Qb3 Re8 23. Rd6 Qe7 24. Rcd1 h6 25. Nh3 g5 26. f4 g4 27. Nf2 Kg7 28. c6
Rb8 29. e4 Kg6 30. e5 Nh7 31. cxb7 Rxb7 32. Bxb7 Qxb7 33. Qxb7 Bxb7 34. Rd8 Re7
35. R1d7 Kf7 36. Nd3 Nf8 37. Rxe7+ Kxe7 38. Rb8 Bd5 39. Nb4 Be4 40. Rb5 Nd7 41.
Ra5 h5 42. Rxa7 Kd8 43. Ra6 Nc5 44. Rd6+ Ke7 45. Kf2 Bf3 46. Ke3 Bg2 47. Nd3
Nb7 48. Ra6 Be4 49. Ra7 Kd8 50. Ra8+ Kc7 51. Rh8 Kb6 52. Rxh5 Kb5 53. Rh6 Bd5
54. a3 Ka4 55. Kd4 Kxa3 56. Nc5 Nxc5 57. Kxc5 Kb3 58. Kd6 Kc3 59. Rxe6 Bxe6 60.
Kxe6 1-0

[Event "Kieler Open 2017-A"]
[Site "Kiel"]
[Date "2017.07.29"]
[Round "1.11"]
[White "Olde, Henning"]
[Black "Wichmann, Cliff"]
[Result "0-1"]
[WhiteElo "1873"]
[BlackElo "2297"]
[Annotator "FS"]
[PlyCount "73"]
[WhiteTeam "SK Kollmar"]
[BlackTeam "ESV Nickelhütte Aue"]

1. f4 d5 2. Nf3 g6 3. e3 Bg7 4. d4 Nh6 5. Bd3 O-O 6. O-O Bf5 7. Qe2 Nd7 8. Nbd2
c6 9. c3 Qc7 10. e4 dxe4 11. Nxe4 c5 12. dxc5 Nxc5 13. Nxc5 Qxc5+ 14. Be3 Qc7
15. Rad1 Bxd3 16. Rxd3 Nf5 17. Rfd1 Rfd8 18. g3 Rxd3 19. Rxd3 Rd8 20. Kf2 a6
21. Qd2 Rd6 22. Rxd6 Nxd6 23. Qd3 Qc6 24. Bd4 Qd5 25. b3 Nf5 26. Ke2 Bxd4 27.
cxd4 h5 28. Kf2 Qa5 29. Qc2 Kg7 30. h3 Qd5 31. Qd3 b5 32. g4 hxg4 33. hxg4 Nd6
34. Qe3 Ne4+ 35. Ke2 Qc6 36. Kd3 Qc3+ 37. Kxe4 0-1

[Event "Kieler Open 2017-A"]
[Site "Kiel"]
[Date "2017.07.29"]
[Round "1.12"]
[White "Junge, Ralph"]
[Black "Boyens, Birger"]
[Result "1-0"]
[WhiteElo "2286"]
[BlackElo "1996"]
[Annotator "FS"]
[PlyCount "99"]
[WhiteTeam "SG Turm Kiel"]
[BlackTeam "Husumer SV"]

1. d4 f5 2. Nc3 Nf6 3. Bg5 e6 4. f3 d5 5. e4 Be7 6. e5 Nfd7 7. Bxe7 Qxe7 8. Nb5
Nb6 9. a3 a6 10. Nc3 c5 11. f4 cxd4 12. Qxd4 Qc7 13. Nf3 Nc6 14. Qc5 Nd7 15.
Qf2 b5 16. Ng5 Nf8 17. Qc5 Rb8 18. Bd3 Rb7 19. O-O-O Nxe5 20. Bxb5+ axb5 21.
Qxc7 Rxc7 22. Nxb5 Rc6 23. fxe5 h6 24. Nf3 g5 25. Nfd4 Rb6 26. Nd6+ Kd7 27. c4
Rxd6 28. exd6 dxc4 29. Rhe1 Bb7 30. Nxf5 exf5 31. Re7+ Kc8 32. d7+ Nxd7 33.
Rdxd7 Bxg2 34. Rc7+ Kb8 35. Rh7 Re8 36. Rce7 Rxe7 37. Rxe7 h5 38. Kd2 h4 39.
Ke3 h3 40. Rg7 g4 41. Kd4 Bf3 42. Ke5 Be4 43. a4 Ka8 44. a5 Kb8 45. a6 Ka8 46.
Kd4 Bf3 47. Kc5 Kb8 48. Kb6 Kc8 49. a7 Kd8 50. Rb7 1-0

[Event "Kieler Open 2017-A"]
[Site "Kiel"]
[Date "2017.07.29"]
[Round "1.13"]
[White "Mohamed, Galal"]
[Black "Fernandez, Michael"]
[Result "0-1"]
[WhiteElo "1865"]
[BlackElo "2236"]
[Annotator "FS"]
[PlyCount "54"]
[WhiteTeam "VSF Flintbek"]
[BlackTeam "England"]

1. d4 d5 2. c4 c6 3. Nc3 Nf6 4. e3 e6 5. Nf3 Nbd7 6. Qc2 Bd6 7. g4 h6 8. Rg1
dxc4 9. Bxc4 b5 10. Bd3 Bb7 11. Bd2 Rc8 12. g5 hxg5 13. Rxg5 Kf8 14. Ke2 c5 15.
Nxb5 cxd4 16. Qa4 Bxf3+ 17. Kxf3 Ne4 18. Rg2 Nxd2+ 19. Ke2 Nc4 20. Bxc4 Nb6 21.
Qxa7 Rxc4 22. Nxd4 Be5 23. Rd1 Bxd4 24. Rxd4 Rxd4 25. exd4 Rh4 26. Qa3+ Kg8 27.
d5 Nxd5 0-1

[Event "Kieler Open 2017-A"]
[Site "Kiel"]
[Date "2017.07.29"]
[Round "1.14"]
[White "Syrov, Arkadi"]
[Black "Strätker, Sebastian"]
[Result "1-0"]
[WhiteElo "2267"]
[BlackElo "1887"]
[Annotator "FS"]
[PlyCount "65"]
[WhiteTeam "SK Frankenthal"]
[BlackTeam "ASV Rehau"]

1. e4 e6 2. d4 d5 3. Nc3 Nf6 4. e5 Nfd7 5. f4 c5 6. Nf3 Nc6 7. Be3 cxd4 8. Nxd4
Bc5 9. Qd2 a6 10. O-O-O O-O 11. Qf2 Nxd4 12. Bxd4 Qc7 13. Bd3 b5 14. Qh4 g6 15.
Ne2 Bxd4 16. Nxd4 Nc5 17. Rhe1 Bd7 18. g4 f6 19. f5 fxe5 20. fxg6 hxg6 21. Qg5
Be8 22. Rxe5 Qg7 23. Nxe6 Nxe6 24. Rxe6 Bf7 25. Rf6 Kh7 26. Rdf1 Ra7 27. Qh5+
Qh6+ 28. Qxh6+ Kxh6 29. Bxg6 Kg7 30. Rxf7+ Rfxf7 31. Rxf7+ Rxf7 32. Bxf7 Kxf7
33. Kd2 1-0

[Event "Kieler Open 2017-A"]
[Site "Kiel"]
[Date "2017.07.29"]
[Round "1.15"]
[White "Fleischmann, Yannic"]
[Black "Kuberczyk, Christoph"]
[Result "0-1"]
[WhiteElo "1614"]
[BlackElo "2177"]
[Annotator "FS"]
[PlyCount "106"]
[WhiteTeam "Segeberger SF"]
[BlackTeam "SV Diag.Harburg"]

1. e4 c5 2. Nf3 d6 3. d4 cxd4 4. Nxd4 Nd7 5. Nc3 a6 6. Be3 e6 7. Be2 b5 8. a4
bxa4 9. Nxa4 Ngf6 10. Nc3 Bb7 11. f3 Be7 12. O-O Qc7 13. g4 h6 14. Qe1 Nb6 15.
Qg3 Nc4 16. Bxc4 Qxc4 17. Ra4 Qc7 18. h4 Nd7 19. g5 hxg5 20. hxg5 Nb6 21. Rb4
Nc4 22. Bf2 g6 23. Nb3 Rh5 24. f4 d5 25. Rxb7 Qxb7 26. exd5 O-O-O 27. Bd4 e5
28. Bc5 exf4 29. Qg4+ Qd7 30. Qxd7+ Rxd7 31. Rxf4 Rxg5+ 32. Kf2 Nd6 33. Ra4
Rf5+ 34. Ke2 Nb7 35. Bxe7 Rxe7+ 36. Kd2 Rf2+ 37. Kd3 a5 38. Rc4+ Kb8 39. Nb5
Rf3+ 40. Kd2 Rf2+ 41. Kd3 Rf3+ 42. Kd2 Rd7 43. Nc3 Rc7 44. Rd4 g5 45. Rg4 Rf2+
46. Kd3 f6 47. Nd4 Nc5+ 48. Ke3 Rh2 49. Nde2 Re7+ 50. Kf3 Nd7 51. Ra4 Ne5+ 52.
Kg3 Reh7 53. Ng1 f5 0-1

[Event "Kieler Open 2017-A"]
[Site "Kiel"]
[Date "2017.07.29"]
[Round "1.16"]
[White "Niering, Martin"]
[Black "Quiring, Nikolai"]
[Result "1-0"]
[WhiteElo "2225"]
[BlackElo "2007"]
[Annotator "FS"]
[PlyCount "47"]
[WhiteTeam "Rochade Magdeburg"]
[BlackTeam "SV Rendsburg"]

1. e4 e6 2. d4 d5 3. Nc3 Nf6 4. e5 Nfd7 5. f4 c5 6. Nf3 b6 7. Be3 Ba6 8. Bxa6
Nxa6 9. O-O Be7 10. Qe2 Nc7 11. Qf2 O-O 12. Na4 c4 13. Kh1 b5 14. Nc3 a5 15. g4
Nb6 16. Ne2 b4 17. f5 Nd7 18. Nf4 Ra6 19. Qg2 Re8 20. Rf2 Nf8 21. Nh5 Nd7 22.
f6 gxf6 23. g5 fxg5 24. Nxg5 1-0

[Event "Kieler Open 2017-A"]
[Site "Kiel"]
[Date "2017.07.29"]
[Round "1.17"]
[White "Neuendorf, Max"]
[Black "Ghadimi, Mohammed Reza"]
[Result "1/2-1/2"]
[WhiteElo "1892"]
[BlackElo "2126"]
[Annotator "FS"]
[PlyCount "56"]
[WhiteTeam "Flensburger SK"]
[BlackTeam "SK Doppelbauer Kiel"]

1. e4 d5 2. exd5 Qxd5 3. Nc3 Qd6 4. d4 Nf6 5. Nf3 a6 6. g3 b5 7. Bf4 Qd8 8. Bg2
Bb7 9. Nh4 Bxg2 10. Nxg2 e6 11. Qf3 Nbd7 12. Bxc7 Qc8 13. O-O Bb4 14. Ne4 O-O
15. Nxf6+ gxf6 16. Bf4 Qxc2 17. Bh6 Rfe8 18. Nh4 Bf8 19. Bxf8 Nxf8 20. Qxf6
Qxb2 21. Rae1 Rad8 22. Re4 Rd5 23. Rg4+ Ng6 24. Nxg6 hxg6 25. Rh4 Rh5 26. Rxh5
gxh5 27. Re1 Qc2 28. Re5 Qh7 1/2-1/2

[Event "Kieler Open 2017-A"]
[Site "Kiel"]
[Date "2017.07.29"]
[Round "1.18"]
[White "Weber, Samuel"]
[Black "Papesch, Dennis"]
[Result "1/2-1/2"]
[WhiteElo "2123"]
[BlackElo "1825"]
[Annotator "FS"]
[PlyCount "78"]
[WhiteTeam "SC Flörsheim"]
[BlackTeam "Raisdorfer SG"]

1. e4 c6 2. d3 d5 3. Nd2 e5 4. Ngf3 Bd6 5. g3 Nf6 6. Bg2 Bg4 7. O-O O-O 8. h3
Bh5 9. Qe1 Re8 10. Nh4 Bg6 11. Nxg6 hxg6 12. Qe2 Nbd7 13. b3 a5 14. a4 Nc5 15.
Bb2 Qc7 16. Rfe1 Rad8 17. Qf1 Na6 18. Rad1 Bc5 19. Kh2 Ba7 20. f4 exf4 21. gxf4
dxe4 22. Bxf6 gxf6 23. Nxe4 Kg7 24. Qf3 Nb4 25. Re2 Nd5 26. Rf1 Bb8 27. Ref2
Nxf4 28. Kg1 Nh5 29. Bh1 Ba7 30. Nxf6 Bxf2+ 31. Rxf2 Nxf6 32. Qxf6+ Kg8 33. Be4
Rxe4 34. dxe4 Qg3+ 35. Kf1 Qxh3+ 36. Ke2 Qd7 37. Ke3 Qh3+ 38. Ke2 Qd7 39. Ke3
Qh3+ 1/2-1/2

[Event "Kieler Open 2017-A"]
[Site "Kiel"]
[Date "2017.07.29"]
[Round "1.19"]
[White "Krieglstein, Marcel"]
[Black "Beeck, Mats"]
[Result "1-0"]
[WhiteElo "1930"]
[BlackElo "2104"]
[Annotator "FS"]
[PlyCount "76"]
[WhiteTeam "SK Holsterhausen"]
[BlackTeam "SK Doppelbauer Kiel"]

1. d4 Nf6 2. c4 g6 3. Nc3 Bg7 4. e4 d6 5. Be2 O-O 6. f4 c5 7. d5 Qa5 8. Bd2 Na6
9. a3 e6 10. Nf3 exd5 11. cxd5 Re8 12. O-O c4 13. Qc2 b5 14. h3 Nc5 15. Rae1
Qb6 16. Be3 Nh5 17. Kh2 f5 18. e5 dxe5 19. fxe5 Rxe5 20. Nxe5 Bxe5+ 21. Kg1 Ng3
22. Rf3 f4 23. Rxg3 fxe3 24. Rf3 Bf5 25. Rxf5 gxf5 26. Qxf5 Bg3 27. Rd1 Qg6 28.
Qxg6+ hxg6 29. Nxb5 Nd3 30. b3 Nf4 31. Nd4 cxb3 32. Rb1 Rb8 33. Bc4 b2 34. Kf1
Kh7 35. Ne2 Nxe2 36. Kxe2 Bf2 37. a4 Kg7 38. Bb5 Kf6 1-0

[Event "Kieler Open 2017-A"]
[Site "Kiel"]
[Date "2017.07.29"]
[Round "1.20"]
[White "Light, Bjarne"]
[Black "Zimmermann, Manfred"]
[Result "1-0"]
[WhiteElo "2196"]
[BlackElo "1997"]
[Annotator "FS"]
[PlyCount "47"]
[WhiteTeam "SV Bargteheide"]
[BlackTeam "Kieler SG"]

1. c4 e6 2. g3 d5 3. Nf3 Nc6 4. Bg2 Bd7 5. O-O d4 6. e3 dxe3 7. fxe3 Nf6 8. d4
Be7 9. Nc3 a6 10. e4 O-O 11. e5 Ne8 12. d5 Bc5+ 13. Kh1 Na7 14. Ne4 Be7 15. Be3
exd5 16. cxd5 Bb5 17. Rf2 b6 18. Rd2 Bb4 19. Rd4 Bc5 20. Nxc5 bxc5 21. Rh4 Qe7
22. Qc2 g6 23. Bxc5 Qd7 24. a4 1-0

[Event "Kieler Open 2017-A"]
[Site "Kiel"]
[Date "2017.07.29"]
[Round "1.21"]
[White "van Foreest, Machteld"]
[Black "Schulze, Lara"]
[Result "0-1"]
[WhiteElo "1793"]
[BlackElo "2141"]
[Annotator "FS"]
[PlyCount "60"]
[WhiteTeam "DJK Aufwärts Aachen"]
[BlackTeam "SK Lehrte"]

1. e4 c5 2. Nf3 d6 3. d4 cxd4 4. Nxd4 Nf6 5. Nc3 Nc6 6. Bg5 e6 7. Qd2 a6 8.
O-O-O Bd7 9. f4 b5 10. Bxf6 gxf6 11. f5 Nxd4 12. Qxd4 Bh6+ 13. Kb1 Bf4 14. fxe6
fxe6 15. Be2 Be5 16. Bh5+ Ke7 17. Qd2 Bc6 18. Bf3 a5 19. Ne2 b4 20. Nd4 Qb6 21.
Nxc6+ Qxc6 22. g4 Qc5 23. g5 Rac8 24. gxf6+ Bxf6 25. h3 Qe5 26. Qc1 Bg5 27. Rd2
Qf4 28. Rg2 Qxc1+ 29. Rxc1 Bxc1 30. Kxc1 Rhg8 0-1

[Event "Kieler Open 2017-A"]
[Site "Kiel"]
[Date "2017.07.29"]
[Round "1.22"]
[White "Pluska, Alexander"]
[Black "Rohmann, Volker"]
[Result "1-0"]
[WhiteElo "2205"]
[BlackElo "1818"]
[Annotator "FS"]
[PlyCount "79"]
[WhiteTeam "SK Doppelbauer Kiel"]
[BlackTeam "SVG Friedrichsort"]

1. e4 e5 2. Nf3 Nc6 3. d4 exd4 4. Nxd4 Bb4+ 5. c3 Be7 6. Bd3 d6 7. O-O Nf6 8.
f4 O-O 9. Nd2 Nxd4 10. cxd4 c6 11. b3 Qb6 12. Bb2 Bd7 13. Nc4 Qc7 14. Ne3 Rad8
15. Qf3 Bc8 16. Kh1 d5 17. e5 Ne8 18. g4 f6 19. Qh3 g6 20. f5 g5 21. Qg3 Qa5
22. a3 Rf7 23. b4 Qa4 24. Bc2 Qa6 25. Rad1 Rg7 26. Rf2 b6 27. Bb3 Kf8 28. Rc2
Bb7 29. Kg1 Ba8 30. Qe1 Qb7 31. Rg2 Qd7 32. Rdd2 Nc7 33. h4 h6 34. hxg5 hxg5
35. Rh2 Qe8 36. Rh6 Qf7 37. Rdh2 Rc8 38. Qg3 Bd8 39. e6 Qe7 40. Qh3 1-0

[Event "Kieler Open 2017-A"]
[Site "Kiel"]
[Date "2017.07.29"]
[Round "1.23"]
[White "Isler, Benjamin"]
[Black "Saglam, Bülent"]
[Result "1/2-1/2"]
[WhiteElo "1897"]
[BlackElo "2076"]
[Annotator "FS"]
[PlyCount "95"]
[WhiteTeam "Flensburger SK"]
[BlackTeam "SK Doppelbauer Kiel"]

1. e4 e5 2. d4 exd4 3. c3 d5 4. Qxd4 dxe4 5. Qxe4+ Be7 6. Bg5 Be6 7. Qxb7 Bxg5
8. Qxa8 Bc1 9. Bb5+ c6 10. Bxc6+ Kf8 11. Qb7 Nxc6 12. Ne2 Qe8 13. O-O Bh6 14.
Na3 Nge7 15. b4 Qc8 16. Qb5 Qb8 17. Nd4 Qxb5 18. Nxe6+ fxe6 19. Nxb5 Bf4 20.
Rad1 Kf7 21. Rd7 a6 22. Nd6+ Bxd6 23. Rxd6 Rc8 24. Re1 e5 25. a3 Rc7 26. f3 Rb7
27. Red1 a5 28. Kf2 axb4 29. cxb4 Ra7 30. b5 Nd4 31. Ra6 Nxb5 32. Rxa7 Nxa7 33.
Rd7 Nac6 34. Rd6 Na5 35. Ke2 Nec6 36. Rd7+ Kf6 37. Kd3 h6 38. Ke4 Nc4 39. Kd5
N6a5 40. Ra7 g5 41. Kc5 g4 42. Kb5 Nxa3+ 43. Kxa5 Nc2 44. Ra6+ Kg5 45. Re6 gxf3
46. gxf3 Kf5 47. Rxh6 Nd4 48. Rh5+ 1/2-1/2

[Event "Kieler Open 2017-A"]
[Site "Kiel"]
[Date "2017.07.29"]
[Round "1.24"]
[White "Böhm, Thomas"]
[Black "Indinger, Alexander"]
[Result "1-0"]
[WhiteElo "2154"]
[BlackElo "1798"]
[Annotator "FS"]
[PlyCount "105"]
[WhiteTeam "SG Turm Kiel"]
[BlackTeam "Bille SC"]

1. Nf3 d5 2. d4 Nf6 3. c4 e6 4. g3 Be7 5. Bg2 O-O 6. O-O c5 7. Nc3 Nc6 8. Bf4
a6 9. Rc1 cxd4 10. Nxd4 Qb6 11. Nxc6 bxc6 12. Qc2 a5 13. cxd5 cxd5 14. Na4 Qb5
15. Nc3 Qb6 16. Rfd1 Bb7 17. Be3 Qa6 18. Bf4 Rac8 19. Qb3 Rc4 20. e3 Rb4 21.
Qc2 Rc8 22. a3 Rb6 23. Qd2 Ba8 24. Ne2 Nd7 25. Rxc8+ Qxc8 26. g4 Bf6 27. Qxa5
Rxb2 28. Rc1 Bc6 29. Nd4 Bxd4 30. exd4 h6 31. Qc3 Rb6 32. Bf1 Qb7 33. Bd3 Nf6
34. f3 Bd7 35. Bc2 Rc6 36. Qd3 Qc8 37. Qd2 Rc3 38. Bd3 Rxc1+ 39. Qxc1 Qxc1+ 40.
Bxc1 Ba4 41. Bd2 Kf8 42. Bb4+ Ke8 43. Kf2 g6 44. Ke3 h5 45. h3 hxg4 46. fxg4
Kd7 47. Kf4 Kc6 48. Be7 Ne8 49. h4 Bd1 50. Kg5 Nd6 51. h5 Ne4+ 52. Bxe4 dxe4
53. h6 1-0

[Event "Kieler Open 2017-A"]
[Site "Kiel"]
[Date "2017.07.29"]
[Round "1.25"]
[White "Untiedt, Urs Arved"]
[Black "Kopylov, Daniel"]
[Result "0-1"]
[WhiteElo "1720"]
[BlackElo "2172"]
[Annotator "FS"]
[PlyCount "68"]
[WhiteTeam "SC Agon Neumünster"]
[BlackTeam "TuRa Harksheide"]

1. c4 e6 2. d4 d5 3. Nc3 Nf6 4. Nf3 Be7 5. Bg5 O-O 6. e3 h6 7. Bh4 Ne4 8. Bxe7
Qxe7 9. Qc2 Nxc3 10. bxc3 dxc4 11. Bxc4 c5 12. O-O Nc6 13. Rfd1 b6 14. Rab1 Bb7
15. Qe2 Rac8 16. Bb3 Na5 17. Ne5 Nxb3 18. Rxb3 cxd4 19. cxd4 Bd5 20. Rb2 Rc3
21. e4 Bb7 22. h3 Rfc8 23. Rbd2 Qg5 24. g3 Rc1 25. Nf3 Qa5 26. Kh2 Qa3 27. Rxc1
Rxc1 28. d5 Ba6 29. Qe3 Rc3 30. Qf4 Rxf3 31. Qb8+ Kh7 32. dxe6 fxe6 33. Qxa7
Qc3 34. Qd7 Bd3 0-1

[Event "Kieler Open 2017-A"]
[Site "Kiel"]
[Date "2017.07.29"]
[Round "1.27"]
[White "Christensen, Andreas"]
[Black "Horn, Peter"]
[Result "0-1"]
[WhiteElo "1809"]
[BlackElo "2094"]
[Annotator "FS"]
[PlyCount "48"]
[WhiteTeam "Hamburger SK"]
[BlackTeam "SCC Palame"]

1. e4 e6 2. d4 d5 3. Nd2 Nc6 4. c3 e5 5. Bd3 exd4 6. exd5 Qxd5 7. Be4 Qe6 8.
Ngf3 f5 9. O-O fxe4 10. Ng5 Qg4 11. Qb3 Qxg5 12. Nxe4 Qg6 13. Re1 Be7 14. Ng5
Nf6 15. Bf4 Nh5 16. Bd2 Nd8 17. Rxe7+ Kxe7 18. Re1+ Be6 19. Qb4+ Kd7 20. Qxd4+
Kc8 21. g4 Re8 22. gxh5 Qxh5 23. Bc1 Bd7 24. Rd1 Qg4+ 0-1

[Event "Kieler Open 2017-A"]
[Site "Kiel"]
[Date "2017.07.29"]
[Round "1.28"]
[White "Möller, Dustin"]
[Black "Weber, Andreas"]
[Result "1-0"]
[WhiteElo "2079"]
[BlackElo "1795"]
[Annotator "FS"]
[PlyCount "89"]
[WhiteTeam "Eckernförder SC"]
[BlackTeam "SC Flörsheim"]

1. d4 Nf6 2. Nf3 e6 3. e3 d5 4. Bd3 c5 5. b3 Nc6 6. Bb2 Be7 7. Nbd2 O-O 8. O-O
Nb4 9. Be2 b6 10. Ne5 Bb7 11. f4 Ne4 12. Nxe4 dxe4 13. c4 f6 14. Ng4 Qe8 15. a3
Nd3 16. Bc3 Rd8 17. Ra2 cxd4 18. exd4 Nc5 19. b4 Nd7 20. Rd2 f5 21. Ne3 Nf6 22.
d5 exd5 23. cxd5 Bd6 24. Nxf5 Kh8 25. Qa1 Qg6 26. Ne3 Qh6 27. g3 Qg6 28. Qd1
Bc8 29. Be5 Bh3 30. Rf2 Qe8 31. Qa1 a5 32. Qd4 axb4 33. axb4 Qe7 34. Bxd6 Rxd6
35. Qe5 Qd8 36. Bf1 Re8 37. Qd4 Be6 38. Bc4 Ng4 39. Nxg4 Bxg4 40. Qe3 Bf5 41.
Ra2 Qb8 42. Bb5 Red8 43. Bc6 Bh3 44. Rfc2 Bf5 45. Ra6 1-0

[Event "Kieler Open 2017-A"]
[Site "Kiel"]
[Date "2017.07.29"]
[Round "1.29"]
[White "Henschen, Patrick"]
[Black "Buchholz, Sebastian"]
[Result "0-1"]
[WhiteElo "1720"]
[BlackElo "2134"]
[Annotator "FS"]
[PlyCount "50"]
[WhiteTeam "Segeberger SF"]
[BlackTeam "SK Doppelbauer Kiel"]

1. d4 e6 2. c4 f5 3. Nf3 Nf6 4. e3 d5 5. Be2 c6 6. O-O Bd6 7. b3 O-O 8. Ba3
Bxa3 9. Nxa3 Nbd7 10. Qc1 Qe7 11. Qb2 Ne4 12. Nc2 b6 13. Nce1 Rf6 14. Nd3 Bb7
15. Rac1 Rh6 16. cxd5 exd5 17. g3 Ng5 18. Nfe5 Rd8 19. b4 Rc8 20. Rfd1 Ba6 21.
Nxd7 Bxd3 22. Rxd3 Qxd7 23. Bf1 Nf3+ 24. Kg2 Nxh2 25. Be2 f4 0-1